Strongest Pokémon Moves by Type - Statistics

General Stats
  • This quiz has been taken 275 times
    146 since last reset
  • The average score is 8 of 18
Answer Stats
Hint Answer % Correct
Water Hydro Cannon/Water Spout
83%
Grass Frenzy Plant
68%
Normal Explosion
62%
Bug Megahorn
62%
Ghost Shadow Force/Astral Barrage
56%
Poison Belch/Gunk Shot
54%
Fire V-Create
51%
Rock Rock Wrecker/Head Smash
48%
Flying Sky Attack
45%
Fighting Focus Punch/Meteor Assault
44%
Electric Bolt Strike
41%
Ice Freeze Shock/Ice Burn
41%
Fairy Light of Ruin
35%
Ground Precipice Blades
31%
Dragon Eternabeam
30%
Steel Gigaton Hammer
28%
Psychic Prismatic Laser
22%
Dark Aura Wheel
5%
No matching quizzes found
Score Distribution
Percent of People with Each Score
Percentile by Number Answered
Your Score History
You have not taken this quiz since the last reset